[Event "Hello Sakk Cup Botvinnik"]
[Site "Tornelo INT"]
[Date "2021.02.20"]
[Round "3"]
[White "Pasti, Aron"]
[Black "Juhasz, Judit"]
[Result "0-1"]
[WhiteElo "2193"]
[BlackElo "2037"]
[PlyCount "52"]
[EventDate "2021.02.20"]
[EventType "tourn (rapid)"]
[EventRounds "7"]
[EventCountry "HUN"]
[SourceTitle "CBM 200 Extra"]
[Source "ChessBase"]
[SourceDate "2021.03.31"]
[SourceVersion "1"]
[SourceVersionDate "2021.03.31"]
[SourceQuality "1"]

1. e4 c5 2. Nf3 Nc6 3. d4 cxd4 4. Nxd4 Qb6 5. Nb3 Nf6 6. Nc3 e6 7. Bd3 a6 8. 0-0 Be7 9. Be3 Qc7 10. f4 d6 11. a4 b6 12. Qe2 Nb4 13. a5 b5 14. Bb6 Qb7 15. e5 Nd7 16. Bd4 Nxd3 17. exd6 Bxd6 18. Qxd3 Be7 19. Ne4 f6 20. f5 e5 21. Be3 0-0 22. Kh1 Qc6 23. Rf2 Bb7 24. Ng3 Rfd8 25. Qe2 Rac8 26. Qg4 Qc4 0-1